[Event "Helsingor Xtracon op"]
[Site "Helsingor"]
[Date "2017.07.30"]
[Round "10"]
[White "Rasmussen, Lars Garne"]
[Black "Werner, Jakob"]
[Result "1-0"]
[WhiteElo "1961"]
[BlackElo "1690"]
[PlyCount "81"]
[EventDate "2017.07.22"]
[EventType "swiss"]
[EventRounds "10"]
[EventCountry "DEN"]
[SourceTitle "CBM 179 Extra"]
[Source "ChessBase"]
[SourceDate "2017.08.23"]
[SourceVersion "1"]
[SourceVersionDate "2017.08.23"]
[SourceQuality "1"]

1. e4 d6 2. d4 Nf6 3. Nc3 g6 4. Bg5 Bg7 5. Qd2 0-0 6. Bh6 c5 7. Bxg7 Kxg7 8. h4 cxd4 9. Qxd4 Nc6 10. Qe3 Ng4 11. Qd2 Qb6 12. h5 Qd4 13. Bd3 Be6 14. Nf3 Qf6 15. Ng5 Nxf2 16. 0-0 Nxe4 17. Bxe4 Qe5 18. Nxe6+ fxe6 19. h6+ Kg8 20. Bf3 Rf7 21. Rae1 Qc5+ 22. Kh1 Raf8 23. Ne4 Qb6 24. Ng5 Rf4 25. Rxe6 R8f5 26. Nh3 Rh4 27. Qe1 Rxh6 28. Kh2 Qd4 29. Bxc6 bxc6 30. Rxe7 Re5 31. Re8+ Kg7 32. Re7+ Kg8 33. Re8+ Kg7 34. Rxe5 dxe5 35. c3 Qd6 36. Qe4 Rh5 37. Rf3 g5 38. Rd3 Qc7 39. g3 Rh6 40. Qf5 Kg8 41. Rd7 1-0

[Event "Helsingor Xtracon op"]
[Site "Helsingor"]
[Date "2017.07.22"]
[Round "1"]
[White "Werner, Jakob"]
[Black "Thuesen, Mogens Henrik"]
[Result "0-1"]
[WhiteElo "1690"]
[BlackElo "2170"]
[PlyCount "64"]
[EventDate "2017.07.22"]
[EventType "swiss"]
[EventRounds "10"]
[EventCountry "DEN"]
[SourceTitle "CBM 179 Extra"]
[Source "ChessBase"]
[SourceDate "2017.08.23"]
[SourceVersion "1"]
[SourceVersionDate "2017.08.23"]
[SourceQuality "1"]

1. d4 Nf6 2. c4 g6 3. Nc3 Bg7 4. e4 d6 5. f3 0-0 6. Be3 Nc6 7. Qd2 a6 8. Nge2 Bd7 9. g4 Na5 10. Ng3 b5 11. h4 c5 12. Nd5 Nxc4 13. Bxc4 bxc4 14. h5 Nxd5 15. exd5 Qb6 16. dxc5 dxc5 17. 0-0 Qxb2 18. Rab1 Qxd2 19. Bxd2 c3 20. Bf4 Bb5 21. Rfe1 Rfd8 22. h6 Bd4+ 23. Kg2 Kf8 24. a4 c2 25. Rb3 c4 26. Ra3 Be8 27. Bg5 Rxd5 28. Bxe7+ Kg8 29. Ne4 f5 30. Nf6+ Bxf6 31. Bxf6 Rd1 32. Re7 Bf7 0-1

[Event "Helsingor Xtracon op"]
[Site "Helsingor"]
[Date "2016.07.30"]
[Round "9"]
[White "Svensson, Lars Ake"]
[Black "Werner, Jakob"]
[Result "1-0"]
[WhiteElo "1972"]
[BlackElo "1733"]
[PlyCount "65"]
[EventDate "2016.07.23"]
[EventType "swiss"]
[EventRounds "10"]
[EventCountry "DEN"]
[SourceTitle "CBM 173 Extra"]
[Source "ChessBase"]
[SourceDate "2016.08.29"]
[SourceVersion "1"]
[SourceVersionDate "2016.08.29"]
[SourceQuality "1"]

1. e4 c6 2. Nc3 d5 3. Nf3 dxe4 4. Nxe4 Bf5 5. Ng3 Bg6 6. h4 h6 7. Ne5 Bh7 8. Qh5 g6 9. Qf3 Qd5 10. Qxd5 cxd5 11. Bb5+ Kd8 12. Nxf7+ Kc7 13. Nxh8 a6 14. Ba4 b5 15. Bb3 Nf6 16. Nf7 Nbd7 17. d3 e5 18. Bxh6 Bc5 19. Be3 Rf8 20. Ng5 Bg8 21. Bxc5 Nxc5 22. f3 a5 23. a3 Kd6 24. 0-0 Rc8 25. Rac1 Nfd7 26. Rfd1 Nb8 27. Ne2 Nc6 28. Kf2 a4 29. Ba2 Rc7 30. d4 exd4 31. Nxd4 Nxd4 32. Rxd4 Ke5 33. Rd2 1-0

[Event "Helsingor Xtracon op"]
[Site "Helsingor"]
[Date "2016.07.29"]
[Round "8"]
[White "Werner, Jakob"]
[Black "Larsen, Alex"]
[Result "1-0"]
[WhiteElo "1733"]
[BlackElo "1442"]
[PlyCount "61"]
[EventDate "2016.07.23"]
[EventType "swiss"]
[EventRounds "10"]
[EventCountry "DEN"]
[SourceTitle "CBM 173 Extra"]
[Source "ChessBase"]
[SourceDate "2016.08.29"]
[SourceVersion "1"]
[SourceVersionDate "2016.08.29"]
[SourceQuality "1"]

1. d4 d5 2. c4 e5 3. dxe5 d4 4. Nf3 Nc6 5. g3 g6 6. Bg2 Be6 7. b3 Bb4+ 8. Bd2 d3 9. 0-0 dxe2 10. Qxe2 Qe7 11. Bg5 Qc5 12. Nbd2 Bc3 13. Rad1 Bxd2 14. Rxd2 h6 15. Be3 Qa5 16. Rfd1 Kf8 17. Nd4 Nxd4 18. Bxd4 c6 19. Ba1 Kg7 20. Qf3 h5 21. h3 g5 22. Qe3 Kg6 23. Be4+ f5 24. exf6+ Bf5 25. f7 Nf6 26. Bxf5+ Qxf5 27. Rd6 Qxh3 28. Rxf6+ Kg7 29. Qxg5+ Kf8 30. Qc5+ Kg7 31. Rf3+ 1-0

[Event "Helsingor Xtracon op"]
[Site "Helsingor"]
[Date "2016.07.25"]
[Round "4"]
[White "Werner, Jakob"]
[Black "Bosselmann, Tom Linus"]
[Result "1-0"]
[WhiteElo "1733"]
[BlackElo "1928"]
[PlyCount "101"]
[EventDate "2016.07.23"]
[EventType "swiss"]
[EventRounds "10"]
[EventCountry "DEN"]
[SourceTitle "CBM 173 Extra"]
[Source "ChessBase"]
[SourceDate "2016.08.29"]
[SourceVersion "1"]
[SourceVersionDate "2016.08.29"]
[SourceQuality "1"]

1. d4 Nf6 2. c4 e6 3. Nc3 Bb4 4. Qc2 c5 5. dxc5 Bxc5 6. Nf3 Nc6 7. Bg5 h6 8. Bh4 Qb6 9. e3 g5 10. Bg3 Bb4 11. a3 Qa5 12. Bd3 b6 13. 0-0 Bxc3 14. bxc3 h5 15. Bd6 g4 16. Bb4 Qa6 17. Nd4 Nxd4 18. cxd4 Qb7 19. e4 a5 20. Bc3 d5 21. cxd5 exd5 22. Rfe1 Be6 23. e5 Nd7 24. Bd2 Rc8 25. Qa4 Rg8 26. Rec1 Ke7 27. Rab1 Rxc1+ 28. Bxc1 Qc7 29. Bd2 Rc8 30. Qd1 Rg8 31. Rc1 Qb7 32. Qc2 Nb8 33. Qc7+ Qxc7 34. Rxc7+ Nd7 35. Ba6 Ra8 36. Bg5+ Ke8 37. Bb5 Rb8 38. Kf1 Bf5 39. g3 Be6 40. Ke2 Bf5 41. Ke3 Be6 42. Bf6 a4 43. Kf4 Ra8 44. Kg5 Rb8 45. Kxh5 Ra8 46. Kg5 Rb8 47. Kf4 Ra8 48. f3 gxf3 49. Kxf3 Bf5 50. Kf4 Be6 51. h4 1-0